穆罕默德 (Record no. 16434)

000 -LEADER
fixed length control field 00539nam a22001937a 4500
003 - CONTROL NUMBER IDENTIFIER
control field MPLRDC
005 - DATE AND TIME OF LATEST TRANSACTION
control field 20220104124055.0
008 - FIXED-LENGTH DATA ELEMENTS--GENERAL INFORMATION
fixed length control field 210129b ||||| |||| 00| 0 eng d
020 ## - INTERNATIONAL STANDARD BOOK NUMBER
International Standard Book Number 957-0365-26-9
082 ## - DEWEY DECIMAL CLASSIFICATION NUMBER
Classification number 259.1 WJR
100 ## - MAIN ENTRY--PERSONAL NAME
Personal name 王俊荣、沙秋真 编著
245 ## - TITLE STATEMENT
Title 穆罕默德
Statement of responsibility, etc.
250 ## - EDITION STATEMENT
Edition statement 一版
260 ## - PUBLICATION, DISTRIBUTION, ETC.
Place of publication, distribution, etc. 台湾
Name of publisher, distributor, etc. 妇女与生活社文化事业有限公司
Date of publication, distribution, etc. 2000
300 ## - PHYSICAL DESCRIPTION
Other physical details 265
490 ## - SERIES STATEMENT
Series statement 传家经典文库.巨擘百传: 06
650 ## - SUBJECT ADDED ENTRY--TOPICAL TERM
Topical term or geographic name entry element 回教人物传记--穆罕默德
942 ## - ADDED ENTRY ELEMENTS (KOHA)
Koha item type Book
-- 259.1 WJR
Holdings
Withdrawn status Lost status Source of classification or shelving scheme Damaged status Not for loan Collection code Home library Current library Shelving location Date acquired Cost, normal purchase price Total Checkouts Full call number Barcode Date last seen Date last checked out Price effective from Koha item type Public note
            Malaysian Public Library, Research and Development Centre Malaysian Public Library, Research and Development Centre   10/12/2007 34.30   259.1 WJR 00016485 17/03/2021 14/05/2017 17/03/2021 Book mplrdc

© 2022. Malaysian Public Library, Research and Development Centre. All Right ReservedE-mailmplrdc@help.edu.my 

Powered by Koha